000 00590nam a2200229Ia 4500
003 OSt
005 20220918191220.0
006 a|||||r|||| 00| 0
007 ta
008 220917b |||||||| |||| 00| 0 eng d
024 _a62,015
037 _cTextual
040 _aARTS
_cARTS
_beng
041 _2eng
_aeng
082 _aQ22:2220R66, L1 (P15)
100 _aMhandevan T M P
_975296
245 0 _aAdvaita in the Visnu Purana
260 _c1971
650 _aRELIGION
942 _hQ22:2220R66, L1 (P15)
_cTEXL
_2CC
999 _c188754
_d188754